000 01183nac a22002771u 4500
010 _a 2006273462
020 _a0199289816
082 0 0 _a302.1201
_bB7506
090 _c2094
_d2094
100 _aBrennan, Geoffrey,
245 1 4 _aThe economy of esteem :
_ban essay on civil and political society /
_cGeoffrey Brennan and Philip Pettit.
260 _aOxford ;
_aNew York :
_bOxford University Press,2005
_c2005.
300 _axii, 339 p. :
_bill. ;
_c24 cm.
504 _aIncludes bibliographical references (p. [322]-329) and index.
650 0 _aSocial perception.
650 0 _aRespect.
650 0 _aRespect
_xEconomic aspects.
650 0 _aSocial psychology.
650 0 _aEconomics
_xPsychological aspects.
650 0 _aCivil society.
700 1 _aPettit, Philip,
_d1945-
856 4 2 _3Publisher description
_uhttp://www.loc.gov/catdir/enhancements/fy0639/2006273462-d.html
856 4 2 _3Table of contents only
_uhttp://www.loc.gov/catdir/enhancements/fy0639/2006273462-t.html
942 _cBB
_k302.1201B7506
999 _c2094
_d2094